| 000 | 00909cam a2200253 i 4500 | ||
|---|---|---|---|
| 001 | 21839259 | ||
| 005 | 20220902091451.0 | ||
| 008 | 201214s2020 ke a b 001 0 eng | ||
| 010 | _a 2020336574 | ||
| 020 | _a9789966955920 | ||
| 040 |
_aDLC _beng _cDLC _erda |
||
| 042 |
_apcc _alcode |
||
| 043 | _af-ke--- | ||
| 050 | 0 | 0 |
_aGN484 _b.N53 2020 |
| 100 | 1 |
_aNjoya, Timothy Murere, _d1941- _eauthor. |
|
| 245 | 1 | 0 |
_aSelfhood : _bthe divinity of the clitoris / _cTimothy M. Njoya. |
| 260 |
_aNairobi,Kenya: _bRev. Dr. Timothy Njoya, _c2020. |
||
| 300 |
_a802 p. : _bill. ; _c25 cm |
||
| 504 | _aIncludes bibliographical references (pages 791-792) and index. | ||
| 650 | 0 |
_aFemale circumcision _xReligious aspects _zKenya. |
|
| 906 |
_a7 _bcbc _corigode _d3 _encip _f20 _gy-gencatlg |
||
| 942 |
_2lcc _cBOOKS _hGN484 .N53 2020 |
||
| 999 |
_c31453 _d31453 |
||